000 00285nam a22001337a 4500
008 170927b xxu||||| |||| 00| 0 eng d
020 _a9780847819195
041 _aeng
080 _a37
100 _a46
101 _aEDU
245 _aWINSLOW HOMER
_cBENEDUCE, A.K
942 _2udc
_cBK
999 _c30145
_d30145